| 000 | 00528nam a22001932 4500 | ||
|---|---|---|---|
| 001 | 0000004578 | ||
| 005 | 20170406115934.0 | ||
| 008 | 141013s xx 000 0 eng d | ||
| 020 | _c$ | ||
| 040 |
_aYour Holding Symbol _cYour Holding Symbol |
||
| 100 | 1 | _aParsegian,V.L. | |
| 245 | 1 | 0 | _aThis cybernetic world of men machines and earth systems. |
| 250 | _a ed. | ||
| 260 |
_aNew york : _bGarden city, _c1973. |
||
| 300 |
_a254 p. ; _c cm. |
||
| 504 | _aindex. | ||
| 650 | 0 | _acybernetic. | |
| 908 | _a141013 | ||
| 999 |
_c4401 _d4401 |
||